Z laboratoře úspěšněji do života?

Charakteristika a ciele prípravy v assessment centre. Princípy a postupy testovania a hodnotenia manažérov v hodnotiacom centre. Výhody a využitie metód práce v hodnotiacich centrách.

Na minha lista:
Detalhes bibliográficos
Formato: Capítulo de Livro
Idioma:tcheco
Assuntos:
Tags: Adicionar Tag
Sem tags, seja o primeiro a adicionar uma tag!

MARC

LEADER 00000naa a2200000 4500
001 r037302
005 20230727075555.4
041 0 |a cze 
044 |a CZ 
245 1 0 |a Z laboratoře úspěšněji do života? 
520 |a Charakteristika a ciele prípravy v assessment centre. Princípy a postupy testovania a hodnotenia manažérov v hodnotiacom centre. Výhody a využitie metód práce v hodnotiacich centrách. 
610 2 0 |a hodnotenie pracovníkov 
610 2 0 |a rozvoj pracovníkov 
610 2 0 |a výber pracovníkov 
610 2 0 |a správanie 
610 2 0 |a manažéri 
610 2 0 |a personalistika 
610 2 0 |a komunikácia manažérska 
610 2 0 |a plánovanie personálne 
610 2 0 |a assessment center